000 02690nam0a2200385 4500
001 RU\NLR\BIBL_A\012552457
005 20251119112547.0
010 _a978-5-00162-317-5
_9100
021 _aRU
_bКН-П-21-008400
_9КН-П-21-0664
035 _a(NLR Aleph) 012552457
035 _a(RuMoRGB)010573717
090 _a13463561
_c13463561
100 _a20210624d2020 u y0rusy50 ca
101 0 _arus
102 _aRU
105 _aa|||j|||000zy
181 0 _ai3
_baxxe
182 0 _an
200 1 _aТеория и конструкция машин и оборудования для производства швейных и меховых изделий
_eучебное пособие
_eдля студентов очной, очно-заочной форм обучения направления 15.03.02 "Технологические машины и оборудование" по профилю "Машины и аппараты текстильной и легкой промышленности"
_fИ. А. Валеев, И. В. Жукова, Р. Р. Хасаншин
_gМинистерство науки и высшего образования Российской Федерации, Федеральное государственное бюджетное образовательное учреждение высшего образования "Казанский национальный исследовательский технологический университет"
203 _aТекст
_bвизуальный
_cнепосредственный
210 _aКазань
_cШкола
_d2020
215 _a105, [1] с.
_cил., табл.
_d20
313 _aТолько швейное производство.
320 _aБиблиогр.: с. 99 (6 назв.)
606 1 _aШвейные фабрики
_jУчебные издания для высших учебных заведений
_xОборудование
_91892163
_3RU\NLR\AUTH\66860655
606 1 _aШвейные машины
_jУчебные издания для высших учебных заведений
_91133592
_3RU\NLR\AUTH\66450448
686 1 _aМ4-5я73-1
700 1 _aВалеев
_bИ. А.
_cканд. техн. наук, хим. технология
_gИльнар Анварович
_9267444
_3RU\NLR\AUTH\770267500
701 1 _7ca
_8rus
_aЖукова
_bИ. В.
_cканд. хим. наук
_gИрина Владимировна
_926036
_3RU\NLR\AUTH\7743093
701 1 _aХасаншин
_bР. Р.
_gРуслан Ромелевич
942 _cBOOK
980 _aNBR
980 _aNB